000 01727cam a22004574i 4500
003 PE-LiUPU
005 20250731173514.0
008 150616s1995 na r 000 0 eng d
020 _a0851516734
035 _a(Sirsi) i9780851516738
040 _aPE-LiUPU
_bspa
_cPE-LiUPU
_erda
049 _aPRUA
082 0 4 _a282.07
_bW35
_221
100 1 _aWebster, William,
_eautor.
245 1 4 _aThe Church of Rome at the Bar of History.
264 1 _aGran Bretaña :
_bThe Bath Press,
_c1995.
300 _a244 páginas ;
_c22 centímetros
336 _atext
_2rdacontent
337 _aunmediated
_2rdamedia
338 _avolume
_2rdacarrier
505 0 _aThe Authority of Scripture -- Scripture and Tradition -- Tradition and Roman Catholicism -- The Papacy and the 'Rock' of Mathew 16 -- Papal Authority and Infallibility: The Test of History -- Marian Dogmas -- Salvation and the Sacramental System -- The Eucharist -- Faith and Justification -- Truth: Thhe Defining Issue.
526 _aSEG42
526 _aSEG41
526 _aSEG40
526 _aSEG39
526 _aP94
526 _aP87
526 _aP86
526 _aP85
526 _aP77
526 _aP76
526 _aP35
650 0 4 _aIGLESIA CATOLICA - HISTORIA.
910 _ajck
_bjvq
_cjck
942 _2ddc
_cBOOK
949 _a282.07 W35
_wDEWEY
_c1
_i41293
_lCCODEBUL1
_mBUL
_r0
_sY
_tBOOK
_u2015-6-16
_xTEOLOGIA
_zUNKNOWN
_0COMPRA
_o.STAFF. Colección Teología
994 _aC0
_bPEPRU
596 _a1
999 _a282.07 W35
_wDEWEY
_c59059
_i41293
_d59059
_f2021-11-11
_g5
_lCCODEBUL1
_mBUL
_p30.00
_q3
_r0
_sY
_tBOOK
_u2015-6-16
_xTEOLOGIA
_PP35
_0COMPRA
_o.STAFF. Colección Teología
980 _81
_gALBERTO SANCHEZ Responsable de Automatización